| Tag |
First Indicator |
Second Indicator |
Subfields |
| LEADER |
00000pam a2200000 a 4500 |
| 001 |
in00000656021 |
| 005 |
20151015073548.0 |
| 008 |
800626s1981 nyu 00011 engm |
| 010 |
|
|
|a 80019019
|
| 020 |
|
|
|a 0030562236
|
| 035 |
|
|
|a (OCoLC)06532922
|
| 035 |
|
|
|9 ACX1847AM
|
| 040 |
|
|
|a DLC
|c DLC
|d m.c.
|d TXA
|d UtOrBLW
|
| 049 |
|
|
|a TXAM
|c [1801753]
|
| 050 |
0 |
0 |
|a PS3564.E844
|b S8
|
| 082 |
0 |
|
|a 813/.54
|
| 100 |
1 |
|
|a Neugeboren, Jay.
|
| 245 |
1 |
4 |
|a The stolen Jew /
|c Jay Neugeboren.
|
| 250 |
|
|
|a 1st ed.
|
| 264 |
|
1 |
|a New York, N.Y. :
|b Holt, Rinehart, and Winston,
|c [1981]
|
| 264 |
|
4 |
|c ©1981
|
| 300 |
|
|
|a 322 pages ;
|c 24 cm.
|
| 336 |
|
|
|a text
|b txt
|2 rdacontent
|
| 337 |
|
|
|a unmediated
|b n
|2 rdamedia
|
| 338 |
|
|
|a volume
|b nc
|2 rdacarrier
|
| 999 |
|
|
|a MARS
|
| 999 |
f |
f |
|s 38e843f2-fb6f-344d-9e99-7459300f63c9
|i 8350833d-d79d-3b30-89e5-c255721f18cc
|t 0
|
| 952 |
f |
f |
|p ric
|a Texas A&M University
|b Rellis Campus
|c Joint Library Facility
|d Remote Storage
|t 0
|e PS3564.E844 S8
|h Library of Congress classification
|i unmediated -- volume
|m A14804128603
|
| 998 |
f |
f |
|a PS3564.E844 S8
|t 0
|l Remote Storage
|